Logo BPK

Biblioteka

Politechniki Koszalińskiej

Strategia rozwoju Polski do roku 2020 = (Rekord nr 40378)

Szczegóły MARC
000 -ETYKIETA REKORDU
podpole kontrolne o stałej długości 00964nam a2200253 i 4500
001 - NUMER KONTROLNY REKORDU
pole kontrolne bg
020 ## - MIĘDZYNARODOWY ZNORMALIZOWANY NUMER KSIĄŻKI - ISBN
ISBN 8371513445
040 ## - ŹRÓDŁO KATALOGOWANIA
Instytucja, która utworzyła rekord BPK
041 0# - KOD JĘZYKA
Kod języka tekstu pl
Kod języka streszczenia lub abstraktu en
080 ## - UNIWERSALNA KLASYFIKACJA DZIESIĘTNA - UKD
UKD 327:338.1].001.18(438:100)
920 ## - Międzynarodowy znormalizowany numer książki – ISBN
ISBN 83-7151-344-5
008 - POLE O STAŁEJ DŁUGOŚCI - DANE KONTROLNE
podpole kontrolne o stałej długości s pl f |000 0 pol
245 00 - TYTUŁ/ODPOWIEDZIALNOŚĆ
Tytuł Strategia rozwoju Polski do roku 2020 =
Ciąg dalszy tytułu General conditions for Poland's development up to the year 2020.T. 1,Diagnoza ogólnych uwarunkowań rozwojowych /
Pozostałe elementy strefy tytułu i oznaczenia odpowiedzialności [lista aut. Aleksandra Auleytner et al.] ; Komitet Prognoz "Polska 2000 Plus" przy Prezydium PAN.
260 ## - STREFA ADRESU WYDAWNICZEGO
Miejsce wydania Warszawa :
Nazwa wydawcy/dystrybutora "Elipsa",
Data publikacji, dystrybucji/powstania dokumentu 2000.
300 ## - STREFA OPISU FIZYCZNEGO
Objętość 412, [2] s. :
Inne cechy fizyczne mapy ;
Rozmiary 21 cm.
500 ## - UWAGI OGÓLNE
Tekst uwagi Nazwy aut. na s. 401. - Streszcz. ang.
504 ## - UWAGA DOTYCZĄCA BIBLIOGRAFII
Informacje o bibliografii Bibliogr. przy rozdz.
650 #9 - HASŁO PRZEDMIOTOWE W FORMIE NAZWY OGÓLNEJ LUB JEDNOSTKOWEJ
Nazwa ogólna lub geograficzna Globalizacja
650 #9 - HASŁO PRZEDMIOTOWE W FORMIE NAZWY OGÓLNEJ LUB JEDNOSTKOWEJ
Nazwa ogólna lub geograficzna Polityka międzynarodowa
Określnik ogólny prognozy
651 #9 - HASŁO PRZEDMIOTOWE W FORMIE NAZWY GEOGRAFICZNEJ
Nazwa geograficzna Polska
Określnik ogólny prognozy
700 1# - HASŁO DODATKOWE - NAZWA OSOBOWA
Nazwa osobowa AULEYTNER, Aleksandra
710 #0 - HASŁO DODATKOWE - NAZWA CIAŁA ZBIOROWEGO
Nazwa ciała zbiorowego lub jednostki geograficznej Polska Akademia Nauk
Nazwa jednostki podrzędnej Komitet Prognoz "Polska 2000 Plus"
942 ## - DODATKOWE ELEMENTY (KOHA)
Typ dokumentu Książka
Egzemplarze
Wycofany Status egzemplarza Uszkodzony Dostępność Lokalizacja stała Lokalizacja bieżąca Miejsce przechowywania Sygnatura Kod kreskowy Typ dokumentu
      Dostępny Biblioteka Politechniki Koszalińskiej Biblioteka Politechniki Koszalińskiej Wypożyczalnia BG 61099 01636642 Książka
© 2023 Biblioteka Politechniki Koszalińskiej :: KOHA